Catalog

Record Details

Catalog Search



Available copies

  • 0 of 1 copy available at LARL/NWRL Consortium.
  • 0 of 1 copy available at Lake Agassiz Regional Library. (Show preferred library)

Current holds

0 current holds with 1 total copy.

Show Only Available Copies
Location Call Number / Copy Notes Barcode Shelving Location Status Due Date
Moorhead Public Library J MEA (Text) 33500012127858 Main Checked out 07/07/2026

Record details

  • ISBN: 9780545686464 (paperback)
  • ISBN: 0545686466 (paperback)
  • Physical Description: 95 pages : illustrations, map ; 20 cm.
  • Edition: First printing.
  • Publisher: New York : Scholastic, Inc., 2015.

Content descriptions

Summary, etc.:
Jess and Lily visit Friendship Forest to celebrate ... Read More
Target Audience Note:
3.
2-3.
Subject: Jess (Fictitious character : Meadows) > Juvenile fiction.
Lily (Fictitious character : Meadows) > Juvenile fiction.
Ducklings > Juvenile fiction.
Witches > Juvenile fiction.
Magic > Juvenile fiction.
Animals > Juvenile fiction.
LDR 01750cam a2200421Ii 4500
001188147
003LARL_NWRL_CONSORTIUM
00520150819114554.0
008141024t20152014nyuab b 000 1 eng d
020 . ‡a9780545686464 (paperback)
020 . ‡a0545686466 (paperback)
035 . ‡a(OCoLC)893709728
08204. ‡a[Fic] ‡223
1001 . ‡aMeadows, Daisy, ‡eauthor. ‡0(LARL_NWRL_CONSORTIUM)201962
24510. ‡aEllie Featherbill all alone ‡n#3 / ‡cDaisy Meadows.
2463 . ‡aEllie Feather Bill all alone
250 . ‡aFirst printing.
264 1. ‡aNew York : ‡bScholastic, Inc., ‡c2015.
264 4. ‡c©2014
300 . ‡a95 pages : ‡billustrations, map ; ‡c20 cm.
336 . ‡atext ‡btxt ‡2rdacontent
337 . ‡aunmediated ‡bn ‡2rdamedia
338 . ‡avolume ‡bnc ‡2rdacarrier
4900 . ‡aMagic animal friends ; ‡v3
520 . ‡aJess and Lily visit Friendship Forest to celebrate Ellie Featherbill's birthday, but must first foil the evil witch Grizelda's plans to poison the river and put the duckling in danger.
5210 . ‡a3.
5212 . ‡a2-3.
650 0. ‡aJess (Fictitious character : Meadows) ‡vJuvenile fiction.
650 0. ‡aLily (Fictitious character : Meadows) ‡vJuvenile fiction.
650 0. ‡aDucklings ‡vJuvenile fiction.
650 0. ‡aWitches ‡vJuvenile fiction. ‡0(LARL_NWRL_CONSORTIUM)168005
650 0. ‡aMagic ‡vJuvenile fiction. ‡0(LARL_NWRL_CONSORTIUM)165990
650 0. ‡aAnimals ‡vJuvenile fiction. ‡0(LARL_NWRL_CONSORTIUM)162061
901 . ‡a188147 ‡bOCLC ‡c188147 ‡tbiblio

Additional Resources